Les 30 joueurs les + chers de 2025-2026 - Statistiques

Statistiques générales
  • Ce quiz a été pris 168 fois
    73 depuis la dernière actualisation
  • Le résultat moyen est 21 sur 30
Statistiques - réponses
# De Vers Valeur du transfert Pays Joueur % Correct
1 Newcastle United FC Liverpool FC 145 000 000 € Alexander Isak
98%
2 Bayer 04 Leverkusen Liverpool FC 125 000 000 € Florian Wirtz
98%
3 Eintracht Frankfurt Liverpool FC 95 000 000 € Hugo Ékitiké
98%
10 Liverpool FC FC Bayern München 70 000 000 € Luis Díaz
90%
14 Sporting CP Arsenal FC 65 800 000 € Viktor Gyökeres
88%
7 Brentford FC Manchester United 75 000 000 € Bryan Mbeumo
83%
6 SSC Napoli Galatasaray SK 75 000 000 € Victor Osimhen
83%
19 AFC Bournemouth Real Madrid CF 62 500 000 € Dean Huijsen
79%
4 VfB Stuttgart Newcastle United FC 85 000 000 € Nick Woltemade
79%
9 AFC Bournemouth Manchester City 72 000 000 € Antoine Semenyo
77%
5 RB Leipzig Manchester United 76 500 000 € Benjamin Šeško
77%
11 Real Sociedad Arsenal FC 70 000 000 € Martín Zubimendi
77%
12 Crystal Palace FC Arsenal FC 69 300 000 € Eberechi Eze
75%
18 AFC Bournemouth Paris Saint-Germain 63 000 000 € Ilya Zabarnyi
75%
15 RB Leipzig Tottenham Hotspur 65 000 000 € Xavi Simons
75%
8 Wolverhampton Wanderers Manchester United 74 200 000 € Matheus Cunha
71%
25 Liverpool FC Al-Hilal SC 53 000 000 € Darwin Núñez
69%
16 West Ham United Tottenham Hotspur 63 800 000 € Mohammed Kudus
69%
17 Brighton & Hove Albion Chelsea FC 63 700 000 € João Pedro
67%
26 SL Benfica Real Madrid CF 50 000 000 € Álvaro Carreras
63%
30 SE Palmeiras Chelsea FC 45 000 000 € Estêvão
63%
13 Atalanta BC Al-Qadsiah SC 68 250 000 € Mateo Retegui
63%
27 AFC Bournemouth Liverpool FC 46 900 000 € Milos Kerkez
63%
24 AC Milan Manchester City 55 000 000 € Tijjani Reijnders
60%
20 Nottingham Forest FC Newcastle United FC 61 400 000 € Anthony Elanga
58%
23 Chelsea FC Arsenal FC 56 000 000 € Noni Madueke
56%
21 Brentford FC Newcastle United FC 57 700 000 € Yoane Wissa
56%
28 Manchester United Chelsea FC 46 200 000 € Alejandro Garnacho
48%
22 Borussia Dortmund Chelsea FC 56 000 000 € Jamie Gittens
46%
29 Aston Villa FC Newcastle United FC 45 150 000 € Jacob Ramsey
23%
Aucun quiz correspondant
Distribution des résultats
% des personnes avec chaque résultat
Percentile par nombre de réponses
Votre historique - résultats
Vous n’avez pas pris ce quiz depuis la dernière actualisation